000 00508nam a22001937a 4500
005 20250624152316.0
010 _aENG-145564
020 _c425.00
035 _aEN-129096
037 _bDBAD
082 _aS
_21
_b1
100 _aP C K Prem
_982303
245 _aA Slinging Bag and Other Stories/
_cP C K Prem
250 _a1
260 _aJaipur
_bAavishkar Publisher
_c2011
270 _a807, Vyas Building Chaura Rasta
_bJaipur
_e302003
300 _a132p.
_c22cm.(hb)
942 _2ddc
_cEN
_hS
_mPCK
_e1
999 _c211931
_d211931